000
00289nam a22001337a 4500
003
SGT
020
_a
9780262033275
082
_a
629.892,CHO
100
_a
CHOSET, HOWIE
245
_a
PRINCIPLES OF ROBOT MOTION
260
_a
LONDON
_b
BRADFORD THE
_c
2005
300
_a
603
942
_2
ddc
_c
BK
999
_c
33284
_d
33284